La ciencia médica (Record no. 1457)

MARC details
000 -LEADER
fixed length control field 00776cam a2200289u 4500
001 - CONTROL NUMBER
control field data
005 - DATE AND TIME OF LATEST TRANSACTION
control field 20260322212101.0
008 - FIXED-LENGTH DATA ELEMENTS--GENERAL INFORMATION
fixed length control field data
035 ## - SYSTEM CONTROL NUMBER
System control number 7612208
010 ## - LIBRARY OF CONGRESS CONTROL NUMBER
LC control number 74595209
035 ## - SYSTEM CONTROL NUMBER
-- (DLC) 74595209
040 ## - CATALOGING SOURCE
Original cataloging agency DLC
Transcribing agency CarP
Modifying agency DLC
050 10 - LIBRARY OF CONGRESS CALL NUMBER
Classification number R130
Item number .S56
100 1# - MAIN ENTRY--PERSONAL NAME
Personal name Smith Agreda, Victor.
245 13 - TITLE STATEMENT
Title La ciencia médica
260 ## - PUBLICATION, DISTRIBUTION, ETC.
Place of publication, distribution, etc. Valencia : Saber,
Date of publication, distribution, etc. [1973]
300 ## - PHYSICAL DESCRIPTION
Extent 168 p. ;
Dimensions 25 cm.
336 ## - CONTENT TYPE
Content type term text
Content type code txt
Source rdacontent
337 ## - MEDIA TYPE
Media type term unmediated
Media type code n
Source rdamedia
338 ## - CARRIER TYPE
Carrier type term volume
Carrier type code nc
Source rdacarrier
500 ## - GENERAL NOTE
General note WB 100 S65c 1973]
650 #0 - SUBJECT ADDED ENTRY--TOPICAL TERM
Topical term or geographic name entry element Medicine.
650 #0 - SUBJECT ADDED ENTRY--TOPICAL TERM
Topical term or geographic name entry element Medicine
General subdivision History.
650 #2 - SUBJECT ADDED ENTRY--TOPICAL TERM
Topical term or geographic name entry element Medicine.
906 ## - LOCAL DATA ELEMENT F, LDF (RLIN)
a 0
b cbc
c premunv
d u
e ncip
f 19
g y-gencatlg
Holdings
Withdrawn status Lost status Damaged status Not for loan Home library Current library Shelving location Date acquired Total checkouts Full call number Barcode Date last seen Price effective from Koha item type
        Riverside Riverside General stacks 22/03/2026   R130 LOC-RPL-00004 22/03/2026 22/03/2026 Books